Padre José Kentenich. Biografía

Αποθηκεύτηκε σε:
Λεπτομέρειες βιβλιογραφικής εγγραφής
Κύριος συγγραφέας: Kley, M. (Συγγραφέας)
Μορφή: Βιβλίο
Γλώσσα:Ισπανικά
Έκδοση: s.l Secretariado P. Kentenich 1978
Έκδοση:1a. ed
Θέματα:
Ετικέτες: Προσθήκη ετικέτας
Δεν υπάρχουν, Καταχωρήστε ετικέτα πρώτοι!

MARC

LEADER 00000nam a2200000 a 4500
001 UCJ8309
003 CL-VaPUC
005 20240530102916.0
008 070124e19781018gw |||||||||||||||||spa|d
999 |c 324079  |d 324077 
040 |c Pontificia Universidad Católica de Valparaíso 
082 0 4 |a 922  |b KLE  |2 21 
100 0 |a Kley, M.  |e author  |9 517072 
245 1 0 |a Padre José Kentenich. Biografía 
250 |a 1a. ed 
260 |a s.l  |b Secretariado P. Kentenich  |c 1978 
300 |a 64 p 
500 |a Fotografías del Padre Kentenich y otras, sin indizar 
583 |a last modification  |c 20171213 12:37:30  |k Rodrigo Vera 
600 |a Kentenich, José  |d 1885-1968  |9 859103 
650 7 |a BIOGRAFIA  |2 CL-VaPUC  |9 504622 
650 0 |a Sacerdotes   |9 315705 
650 0 |a Iconografía   |9 267998 
852 |a BIBCUR 
942 |c BK  |2 ddc 
945 |d 20070124 00:00:00  |a rinostro 
952 |0 0  |1 0  |4 0  |6 922_000000000000000_KLE_1978  |7 0  |8 X  |9 403985  |a FDOBUD  |b FDOBUD  |d 2019-11-22  |i 107590K  |o 922 KLE 1978  |p 107590K  |r 2019-11-22  |w 2019-11-22  |y BK_X  |k BUD